[Event "DVM U20 2014"]
[Site "Naumburg (Saale) GER"]
[Date "2014.12.28"]
[Round "4"]
[White "Scholz, Robert"]
[Black "Pham-Tran, Phuong-Bao"]
[Result "1/2-1/2"]
[Termination "normal"]
[Board "4.4"]
[WhiteElo "1980"]
[BlackElo "1788"]
[WhiteTeam "USV TU Dresden"]
[BlackTeam "Frankfurter TV 1860"]
[PlyCount "124"]
[WhiteFideId "1270301"]
[BlackFideId "12939196"]
[EventCountry "GER"]
[EventRounds "7"]
[EventType "team-swiss"]
[EventDate "2014.12.26"]

1. e4 c6 2. d4 d5 3. e5 Bf5 4. Nf3 e6 5. Be2 c5 6. O-O Nc6 7. c3 Qb6 8. a3 cxd4
9. cxd4 Bg4 10. Nbd2 Nge7 11. Nb3 Nf5 12. Be3 Be7 13. h3 Bxf3 14. Bxf3 O-O 15.
Qd3 f6 16. exf6 Rxf6 17. Bg5 Rff8 18. Bxe7 Ncxe7 19. Rfe1 Rac8 20. Nc5 Qxb2 21.
Nxe6 Rc3 22. Qe2 Qxe2 23. Rxe2 Rfc8 24. Re5 Kf7 25. Rae1 Rc1 26. Rxc1 Rxc1+ 27.
Kh2 Rc3 28. Nd8+ Kf6 29. Re6+ Kg5 30. Nf7+ Kf4 31. Ne5 Kg5 32. g3 Nxd4 33. h4+
Kf5 34. Bg4+ Ke4 35. Rxe7 Nc2 36. Nf3+ Kd3 37. Bf5+ Kc4 38. Rc7+ Kb3 39. Bxc2+
Kxc2 40. Nd4+ Kd3 41. Rxc3+ Kxc3 42. Ne6 d4 43. Nxg7 b5 44. Ne6 d3 45. Nc5 a5
46. f4 b4 47. axb4 axb4 48. f5 b3 49. f6 b2 50. Na4+ Kc2 51. Nxb2 Kxb2 52. f7
d2 53. f8=Q d1=Q 54. Qg7+ Kb3 55. Qxh7 Qe2+ 56. Kh3 Qe6+ 57. Kg2 Qe2+ 58. Kg1
Qe1+ 59. Kh2 Qe2+ 60. Kh1 Qe1+ 61. Kh2 Qe2+ 62. Kh3 Qe6+ 1/2-1/2

[Event "DVM U20 2014"]
[Site "Naumburg (Saale) GER"]
[Date "2014.12.28"]
[Round "4"]
[White "Abrahamyan, Arsen"]
[Black "Thamm, Merlin Jannes"]
[Result "1/2-1/2"]
[Termination "normal"]
[Board "4.5"]
[WhiteElo "1759"]
[BlackElo "1697"]
[WhiteTeam "Frankfurter TV 1860"]
[BlackTeam "USV TU Dresden"]
[PlyCount "47"]
[WhiteFideId "1271755"]
[BlackFideId "24695564"]
[EventCountry "GER"]
[EventRounds "7"]
[EventType "team-swiss"]
[EventDate "2014.12.26"]

1. e4 c5 2. Nf3 Nc6 3. d4 cxd4 4. Nxd4 e5 5. Nb5 d6 6. c4 Be7 7. N1c3 a6 8. Na3
f5 9. Be2 Nf6 10. exf5 Bxf5 11. Bg5 Ne4 12. Nxe4 Bxe4 13. Bxe7 Qxe7 14. Bh5+ g6
15. Bf3 Bxf3 16. Qxf3 Qf7 17. Qxf7+ Kxf7 18. Nc2 Rhc8 19. b3 b5 20. Ne3 Na5 21.
cxb5 axb5 22. O-O Ke6 23. Rfd1 Nc6 24. Nd5 1/2-1/2

[Event "DVM U20 2014"]
[Site "Naumburg (Saale) GER"]
[Date "2014.12.28"]
[Round "4"]
[White "Schamschurko, Victor"]
[Black "Werle, Joshua"]
[Result "0-1"]
[Termination "normal"]
[Board "4.6"]
[WhiteElo "1758"]
[BlackElo "1782"]
[WhiteTeam "USV TU Dresden"]
[BlackTeam "Frankfurter TV 1860"]
[PlyCount "60"]
[WhiteFideId "24695637"]
[BlackFideId "12973890"]
[EventCountry "GER"]
[EventRounds "7"]
[EventType "team-swiss"]
[EventDate "2014.12.26"]

1. e4 Nf6 2. e5 Nd5 3. c4 Nb6 4. d4 d6 5. exd6 exd6 6. Nf3 Be7 7. Nc3 O-O 8.
Bd3 Be6 9. b3 Re8 10. O-O d5 11. c5 N6d7 12. Bf4 c6 13. Ne2 Bg4 14. Ng3 Bf6 15.
Be2 b6 16. Rc1 bxc5 17. dxc5 Qa5 18. Qc2 Bxf3 19. Bxf3 Na6 20. Bd2 Qa3 21. Rfd1
Rab8 22. Be2 Nb4 23. Bxb4 Rxb4 24. Nf5 a5 25. Nd6 Reb8 26. Rd3 a4 27. Bd1 axb3
28. axb3 Be7 29. Rb1 Nxc5 30. Qxc5 Re4 0-1

[Event "DVM U20 2014"]
[Site "Naumburg (Saale) GER"]
[Date "2014.12.28"]
[Round "4"]
[White "Klek, Hanna Marie"]
[Black "Linnemann, Niklas"]
[Result "1-0"]
[Termination "normal"]
[Board "5.1"]
[WhiteElo "2225"]
[BlackElo "2010"]
[WhiteTeam "SC Erlangen"]
[BlackTeam "TuS Coswig"]
[PlyCount "63"]
[WhiteFideId "24670057"]
[BlackFideId "24695645"]
[EventCountry "GER"]
[EventRounds "7"]
[EventType "team-swiss"]
[EventDate "2014.12.26"]

1. e4 c5 2. Nf3 e6 3. d4 cxd4 4. Nxd4 Nf6 5. Nc3 Bb4 6. e5 Nd5 7. Bd2 Nxc3 8.
bxc3 Be7 9. Qg4 g6 10. Qg3 h5 11. Bd3 Bh4 12. Qe3 Nc6 13. O-O a6 14. a4 Kf8 15.
f4 Nxd4 16. Qxd4 Be7 17. Be3 Kg7 18. Be4 f5 19. exf6+ Bxf6 20. Qd3 Qe8 21. Rf3
h4 22. Qd6 Rh5 23. g4 Rh7 24. Bd4 Qf7 25. a5 Bxd4+ 26. Qxd4+ Qf6 27. Qd6 Rh8
28. Rd1 Qf8 29. c4 Qxd6 30. Rxd6 Kf6 31. g5+ Ke7 32. c5 1-0

[Event "DVM U20 2014"]
[Site "Naumburg (Saale) GER"]
[Date "2014.12.28"]
[Round "4"]
[White "Kieslich, Aaron"]
[Black "Miller, Eduard"]
[Result "0-1"]
[Termination "normal"]
[Board "5.2"]
[WhiteElo "2013"]
[BlackElo "2129"]
[WhiteTeam "TuS Coswig"]
[BlackTeam "SC Erlangen"]
[PlyCount "88"]
[WhiteFideId "1270391"]
[BlackFideId "24687022"]
[EventCountry "GER"]
[EventRounds "7"]
[EventType "team-swiss"]
[EventDate "2014.12.26"]

1. d4 Nf6 2. c4 c5 3. d5 e5 4. Nc3 d6 5. e4 Be7 6. f3 O-O 7. Be3 Nh5 8. Qd2 g6
9. Bd3 Nf4 10. Bc2 Qb6 11. O-O-O Qb4 12. Nb5 Qxc4 13. Nc7 Qxa2 14. Nxa8 Na6 15.
g3 Nh5 16. Ne2 Bd7 17. Bb1 Qa1 18. Nc7 Nxc7 19. Nc3 b5 20. Na2 b4 21. b3 a5 22.
Qb2 Qxb2+ 23. Kxb2 a4 24. Bxc5 a3+ 25. Ka1 dxc5 26. d6 Bg5 27. dxc7 Be6 28. Bc2
Rc8 29. h4 Be7 30. g4 Nf4 31. Nc1 Rxc7 32. Ka2 c4 33. Rh2 cxb3+ 34. Bxb3 Rc3
35. h5 Rxf3 36. hxg6 hxg6 37. Rdh1 Rg3 38. Bxe6 Nxe6 39. Rh8+ Kg7 40. R8h7+ Kf6
41. Rf1+ Nf4 42. g5+ Rxg5 43. Nd3 Rg2+ 44. Ka1 b3 0-1

[Event "DVM U20 2014"]
[Site "Naumburg (Saale) GER"]
[Date "2014.12.28"]
[Round "4"]
[White "Wenninger, Philipp"]
[Black "von Koslowski, Utz"]
[Result "1-0"]
[Termination "normal"]
[Board "5.3"]
[WhiteElo "2259"]
[BlackElo "1892"]
[WhiteTeam "SC Erlangen"]
[BlackTeam "TuS Coswig"]
[PlyCount "97"]
[WhiteFideId "4648404"]
[BlackFideId "12964247"]
[EventCountry "GER"]
[EventRounds "7"]
[EventType "team-swiss"]
[EventDate "2014.12.26"]

1. e4 c5 2. Na3 e6 3. c3 a6 4. g3 Nc6 5. Bg2 Nf6 6. f4 d6 7. Ne2 Qc7 8. O-O Be7
9. d3 O-O 10. h3 Rb8 11. g4 Nd7 12. f5 Nce5 13. d4 Nc6 14. Nf4 Nb6 15. Nh5 f6
16. fxe6 Bxe6 17. d5 Bxd5 18. exd5 Ne5 19. Nf4 Qd7 20. Ne6 Rf7 21. Bf4 Rc8 22.
Bxe5 dxe5 23. c4 Na8 24. Qc2 Nc7 25. Be4 Bd6 26. Bxh7+ Kh8 27. Bg6 Nxe6 28.
dxe6 Qxe6 29. Bxf7 Qxf7 30. Rad1 Bb8 31. Qf5 Qe8 32. Qh5+ Qxh5 33. gxh5 e4 34.
Nc2 Be5 35. b3 Kh7 36. Kg2 Re8 37. Rde1 Kh6 38. Rxe4 Rd8 39. Ne3 Kxh5 40. Rd1
Rb8 41. Rd7 g5 42. Ng4 Bd4 43. Ree7 b5 44. Ne3 Rg8 45. Nf5 Be5 46. Kf3 Kg6 47.
Kg4 bxc4 48. Rg7+ Rxg7 49. Rxg7# 1-0

[Event "DVM U20 2014"]
[Site "Naumburg (Saale) GER"]
[Date "2014.12.28"]
[Round "4"]
[White "Merker, Konstantin"]
[Black "Diller, Daniel"]
[Result "0-1"]
[Termination "normal"]
[Board "5.4"]
[WhiteElo "1663"]
[BlackElo "1872"]
[WhiteTeam "TuS Coswig"]
[BlackTeam "SC Erlangen"]
[PlyCount "54"]
[WhiteFideId "12964239"]
[BlackFideId "12908983"]
[EventCountry "GER"]
[EventRounds "7"]
[EventType "team-swiss"]
[EventDate "2014.12.26"]

1. d4 e6 2. c4 Nf6 3. Nc3 Bb4 4. Qc2 b6 5. Nf3 O-O 6. e4 d5 7. e5 Ne4 8. a3
Bxc3+ 9. bxc3 Bb7 10. Bd3 c5 11. O-O Nd7 12. a4 f6 13. Bb2 fxe5 14. dxe5 Rxf3
15. gxf3 Ng5 16. f4 dxc4 17. Bxh7+ Nxh7 18. Qg6 Ndf8 19. Qg4 Qd2 20. Rab1 Qc2
21. f3 Rd8 22. h4 Rd3 23. f5 exf5 24. Qxf5 Bxf3 25. Qh3 Bd5 26. Qg4 Rd2 27.
Rxf8+ Nxf8 0-1

[Event "DVM U20 2014"]
[Site "Naumburg (Saale) GER"]
[Date "2014.12.28"]
[Round "4"]
[White "Zhao, Kevin"]
[Black "Pührer, Anne"]
[Result "1-0"]
[Termination "normal"]
[Board "5.5"]
[WhiteElo "1907"]
[BlackElo "1729"]
[WhiteTeam "SC Erlangen"]
[BlackTeam "TuS Coswig"]
[PlyCount "49"]
[WhiteFideId "1271884"]
[BlackFideId "24692247"]
[EventCountry "GER"]
[EventRounds "7"]
[EventType "team-swiss"]
[EventDate "2014.12.26"]

1. e4 c5 2. Nf3 d6 3. d4 cxd4 4. Nxd4 Nf6 5. Nc3 a6 6. Be2 e6 7. O-O Qc7 8. f4
Bd7 9. f5 Nc6 10. fxe6 fxe6 11. Nxc6 Qxc6 12. Bh5+ Nxh5 13. Qxh5+ g6 14. Qf3
O-O-O 15. Bg5 Qc5+ 16. Be3 Qb4 17. a3 Qc4 18. Rad1 Bb5 19. Nxb5 Qxb5 20. Qf6
Qe5 21. Bd4 Qxf6 22. Bxf6 Rg8 23. Bxd8 Kxd8 24. e5 d5 25. c4 1-0

[Event "DVM U20 2014"]
[Site "Naumburg (Saale) GER"]
[Date "2014.12.28"]
[Round "4"]
[White "Zschuppe, Ludwig"]
[Black "Wegmann, Simon"]
[Result "1/2-1/2"]
[Termination "normal"]
[Board "5.6"]
[WhiteElo "1663"]
[BlackElo "1712"]
[WhiteTeam "TuS Coswig"]
[BlackTeam "SC Erlangen"]
[PlyCount "80"]
[WhiteFideId "12985260"]
[BlackFideId "1270758"]
[EventCountry "GER"]
[EventRounds "7"]
[EventType "team-swiss"]
[EventDate "2014.12.26"]

1. e4 e5 2. Nf3 Nc6 3. Bc4 d6 4. h3 Be7 5. d3 Nf6 6. Nc3 Be6 7. Bb3 h6 8. Be3
Qd7 9. Qe2 a6 10. d4 exd4 11. Nxd4 Nxd4 12. Bxd4 O-O-O 13. O-O-O Bxb3 14. axb3
Rhe8 15. Kb1 Qc6 16. Rhe1 Kb8 17. g4 Rg8 18. Nd5 Rde8 19. Nxf6 Bxf6 20. Bxf6
gxf6 21. f3 Rg5 22. Qd2 Rh8 23. Re2 h5 24. Qf4 Rg6 25. Red2 hxg4 26. hxg4 Qe8
27. Rh2 Kc8 28. Rdh1 Rxh2 29. Rxh2 Qe5 30. Qxe5 fxe5 31. Kc1 Kd7 32. Kd2 c6 33.
Ke3 d5 34. exd5 cxd5 35. Rh4 a5 36. Rh7 Ke7 37. Rh8 Rc6 38. Rh2 f6 39. Kd3 b6
40. Rh7+ Ke6 1/2-1/2

[Event "DVM U20 2014"]
[Site "Naumburg (Saale) GER"]
[Date "2014.12.28"]
[Round "4"]
[White "Zuferi, Enis"]
[Black "Knopf, Felix"]
[Result "1-0"]
[Termination "normal"]
[Board "6.1"]
[WhiteElo "2126"]
[BlackElo "1926"]
[WhiteTeam "Heilbronner SV"]
[BlackTeam "SV Merseburg"]
[PlyCount "73"]
[WhiteFideId "24692530"]
[BlackFideId "24692204"]
[EventCountry "GER"]
[EventRounds "7"]
[EventType "team-swiss"]
[EventDate "2014.12.26"]

1. d4 d5 2. c4 c6 3. Nf3 Nf6 4. Nc3 e6 5. Bg5 dxc4 6. e4 b5 7. e5 h6 8. Bh4 g5
9. Nxg5 hxg5 10. Bxg5 Nbd7 11. g3 Bb7 12. Bg2 Qb6 13. exf6 c5 14. d5 O-O-O 15.
O-O b4 16. Na4 Qb5 17. a3 exd5 18. axb4 cxb4 19. Bf4 Bc6 20. Re1 Kb7 21. b3 Bh6
22. Bd6 Bg5 23. Re7 Kc8 24. bxc4 dxc4 25. Nc3 Qb6 26. Bxc6 Qxc6 27. Rxa7 bxc3
28. Rc7+ Qxc7 29. Bxc7 Kxc7 30. Qd4 Bd2 31. Qxc4+ Kb6 32. Rxf7 Nc5 33. Re7 Ra8
34. Re5 Ra5 35. f7 Ra1+ 36. Kg2 Nd7 37. Rb5+ 1-0

[Event "DVM U20 2014"]
[Site "Naumburg (Saale) GER"]
[Date "2014.12.28"]
[Round "4"]
[White "Heinrich, Julius Tobias"]
[Black "Peng, Xiang-Tobias"]
[Result "1/2-1/2"]
[Termination "normal"]
[Board "6.2"]
[WhiteElo "1989"]
[BlackElo "1987"]
[WhiteTeam "SV Merseburg"]
[BlackTeam "Heilbronner SV"]
[PlyCount "163"]
[WhiteFideId "12913847"]
[BlackFideId "12964328"]
[EventCountry "GER"]
[EventRounds "7"]
[EventType "team-swiss"]
[EventDate "2014.12.26"]

1. e4 e5 2. Nf3 Nc6 3. d4 exd4 4. Bc4 Nf6 5. e5 d5 6. Bb5 Ne4 7. Nxd4 Bd7 8.
Bxc6 bxc6 9. O-O Bc5 10. Be3 O-O 11. f3 Ng5 12. f4 Ne6 13. f5 Nxd4 14. Bxd4
Bxd4+ 15. Qxd4 Qg5 16. Qf2 Rfe8 17. Nd2 Rab8 18. Rae1 c5 19. e6 Bb5 20. exf7+
Kxf7 21. Nf3 Qf6 22. Re6 Rxe6 23. fxe6+ Kg8 24. Re1 d4 25. Qg3 Qe7 26. Nh4 Rf8
27. h3 Bc4 28. Nf3 Bd5 29. Qg5 Qxg5 30. Nxg5 Re8 31. Re5 c6 32. e7 h6 33. Ne4
Bxe4 34. Rxe4 Kf7 35. Re5 Rxe7 36. Rxc5 Rc7 37. Kf2 Ke6 38. Ke2 Kd6 39. b4 Rb7
40. Rc4 Re7+ 41. Kd2 Re4 42. a4 g5 43. a5 g4 44. Kd3 Re3+ 45. Kxd4 Rg3 46. hxg4
Rxg4+ 47. Kd3 Rg3+ 48. Ke4 Rxg2 49. Kf3 Rg5 50. Rf4 Ke6 51. Re4+ Re5 52. Rg4
Kf6 53. Rc4 Re6 54. Rc5 Ke7 55. a6 Kd6 56. c4 Kc7 57. Ra5 Rf6+ 58. Ke4 Rg6 59.
Rh5 Kb6 60. b5 cxb5 61. cxb5 Ka5 62. Kd3 Kb4 63. Kc2 Rb6 64. Kb2 Re6 65. Kc2
Rd6 66. Kb2 Rd2+ 67. Kc1 Rd6 68. Kb2 Rb6 69. Ka2 Rxb5 70. Rxh6 Ka5 71. Rh7 Kxa6
72. Rh6+ Ka5 73. Rh4 a6 74. Rh3 Rb4 75. Ra3+ Kb5 76. Rb3 a5 77. Rxb4+ axb4 78.
Kb3 Kc5 79. Kb2 Kc4 80. Kc2 Kc5 81. Kb3 Kb5 82. Kb2 1/2-1/2

[Event "DVM U20 2014"]
[Site "Naumburg (Saale) GER"]
[Date "2014.12.28"]
[Round "4"]
[White "Hoffmann, Dustin"]
[Black "Biefel, Christian"]
[Result "1/2-1/2"]
[Termination "normal"]
[Board "6.4"]
[WhiteElo "1896"]
[BlackElo "1765"]
[WhiteTeam "SV Merseburg"]
[BlackTeam "Heilbronner SV"]
[PlyCount "111"]
[WhiteFideId "1270566"]
[BlackFideId "24692646"]
[EventCountry "GER"]
[EventRounds "7"]
[EventType "team-swiss"]
[EventDate "2014.12.26"]

1. e4 c6 2. d4 d5 3. exd5 cxd5 4. Bd3 Nc6 5. c3 Qc7 6. Nf3 Bg4 7. O-O Nf6 8.
Bg5 Ne4 9. Bh4 e6 10. Re1 g5 11. Bg3 Nxg3 12. hxg3 h5 13. Qd2 Bxf3 14. gxf3 Be7
15. Kg2 h4 16. c4 Nxd4 17. cxd5 h3+ 18. Kh1 Nxf3 19. Rc1 Qb6 20. Qe2 g4 21. Nc3
Rh6 22. Nb5 Rd8 23. dxe6 fxe6 24. a4 a5 25. Rc2 Kf7 26. Rac1 Nd4 27. Nxd4 Qxd4
28. Be4 Bg5 29. Rc7+ Kf6 30. f4 h2 31. fxg5+ Kxg5 32. R7c4 Qd2 33. Qxd2+ Rxd2
34. Rf1 Rh3 35. Rc5+ Kh6 36. Rc2 Rxc2 37. Bxc2 Rxg3 38. Kxh2 Re3 39. Kg2 g3 40.
Bd1 Rd3 41. Bg4 Rd2+ 42. Kxg3 Rxb2 43. Rh1+ Kg6 44. Rh5 Rb3+ 45. Kh4 b6 46. Rb5
Rxb5 47. axb5 Kf6 48. Kg3 Ke5 49. Be2 Kd4 50. Kf4 Kc3 51. Ke5 a4 52. Bg4 Kb4
53. Bxe6 Kxb5 54. Kd4 Kb4 55. Kd3 a3 56. Kc2 1/2-1/2

[Event "DVM U20 2014"]
[Site "Naumburg (Saale) GER"]
[Date "2014.12.28"]
[Round "4"]
[White "Mikeler, Marcel"]
[Black "Jacob, Hannes"]
[Result "0-1"]
[Termination "normal"]
[Board "6.5"]
[WhiteElo "1751"]
[BlackElo "1878"]
[WhiteTeam "Heilbronner SV"]
[BlackTeam "SV Merseburg"]
[PlyCount "94"]
[WhiteFideId "12927856"]
[BlackFideId "12910350"]
[EventCountry "GER"]
[EventRounds "7"]
[EventType "team-swiss"]
[EventDate "2014.12.26"]

1. d4 d5 2. c4 e6 3. Nc3 Nf6 4. cxd5 exd5 5. Bg5 Be7 6. e3 h6 7. Bh4 O-O 8. Bd3
c6 9. Qc2 Nbd7 10. Nge2 Nb6 11. O-O Bg4 12. f3 Bd7 13. Bf2 Rc8 14. e4 dxe4 15.
fxe4 Ng4 16. Ng3 c5 17. Kh1 cxd4 18. Bxd4 Bd6 19. Nf5 Bxf5 20. Rxf5 Bxh2 21.
Bf2 Bb8 22. Rf3 Nxf2+ 23. Qxf2 Qd6 24. Rh3 Nd7 25. Rd1 Ne5 26. Bc4 Qe7 27. Bd5
a6 28. Rf1 b5 29. Nd1 Rc1 30. Ne3 Rxf1+ 31. Qxf1 Qg5 32. Qf5 Qe7 33. Qf1 Rc8
34. Nf5 Qg5 35. Ne3 Ba7 36. Nd1 Rc1 37. Bb3 Kh8 38. Qe2 Ng4 39. g3 Nf2+ 40. Kg2
Nxh3 41. Kxh3 Bb8 42. Qd3 Rc6 43. Nc3 Rd6 44. Bd5 Rf6 45. Nd1 Rg6 46. Qf3 Qe5
47. Kh4 Rxg3 0-1

[Event "DVM U20 2014"]
[Site "Naumburg (Saale) GER"]
[Date "2014.12.28"]
[Round "4"]
[White "Hoffmann, Lennard"]
[Black "Ignatov, Dmitriy"]
[Result "1-0"]
[Termination "normal"]
[Board "6.6"]
[WhiteElo "1768"]
[BlackElo "1754"]
[WhiteTeam "SV Merseburg"]
[BlackTeam "Heilbronner SV"]
[PlyCount "185"]
[WhiteFideId "12943495"]
[BlackFideId "12927872"]
[EventCountry "GER"]
[EventRounds "7"]
[EventType "team-swiss"]
[EventDate "2014.12.26"]

1. e4 c6 2. d4 d5 3. exd5 cxd5 4. c4 Nf6 5. Nc3 Nc6 6. Nf3 Bg4 7. Be3 e6 8. c5
Be7 9. Be2 O-O 10. O-O Rc8 11. h3 Bh5 12. Rb1 Bg6 13. Bd3 Ne4 14. a3 Nxc3 15.
bxc3 b6 16. cxb6 axb6 17. Bxg6 hxg6 18. Qb3 Na5 19. Qxb6 Bxa3 20. Qxd8 Rfxd8
21. Ne5 Nc4 22. Nxc4 Rxc4 23. Rb3 Be7 24. Bd2 Ra8 25. Rfb1 Rca4 26. Kf1 Ra1 27.
Ke2 Rxb1 28. Rxb1 Ra2 29. Rb8+ Kh7 30. Kd3 Ra7 31. Bf4 g5 32. Be5 Kg6 33. Rg8
Bf6 34. Bd6 Ra2 35. Ke3 Ra6 36. Bc5 Rc6 37. Rh8 Rc7 38. Re8 Rb7 39. Bb4 Rd7 40.
Ra8 Rc7 41. Kd3 Kf5 42. Ra5 g4 43. hxg4+ Kxg4 44. f3+ Kh4 45. g3+ Kg5 46. Rc5
Rb7 47. Ba3 Be7 48. Bc1+ Kf6 49. Rc6 Rb1 50. Bf4 Rd1+ 51. Ke2 Rg1 52. Rc7 Bd8
53. Be5+ Kg6 54. Rc8 Bf6 55. Bd6 Rg2+ 56. Ke3 Bg5+ 57. f4 Bf6 58. Kf3 Rc2 59.
Rc7 Bd8 60. Rc5 Bb6 61. Rc6 Bxd4 62. Bb4 Bf6 63. Ba5 d4 64. c4 d3 65. Ke3 Ra2
66. Bb4 d2 67. Bxd2 Ra3+ 68. Ke4 Rxg3 69. c5 Bc3 70. Bxc3 Rxc3 71. Ke5 Rc4 72.
f5+ Kg5 73. fxe6 fxe6 74. Kxe6 Kg4 75. Kd5 Rc1 76. Rg6+ Kf5 77. Rxg7 Rd1+ 78.
Kc6 Rc1 79. Re7 Kf6 80. Re2 Rc3 81. Kd6 Rd3+ 82. Kc7 Rc3 83. c6 Rc1 84. Kd7
Rd1+ 85. Kc8 Rc1 86. c7 Rc3 87. Kd7 Rd3+ 88. Kc8 Rc3 89. Re4 Kf5 90. Rb4 Ke6
91. Kb7 Kd7 92. Rd4+ Ke6 93. c8=Q+ 1-0

[Event "DVM U20 2014"]
[Site "Naumburg (Saale) GER"]
[Date "2014.12.28"]
[Round "4"]
[White "Preiß, Vincent"]
[Black "Kühne, Niklas"]
[Result "0-1"]
[Termination "normal"]
[Board "7.1"]
[WhiteElo "1844"]
[BlackElo "1778"]
[WhiteTeam "SVG Saarbrücken"]
[BlackTeam "Meuselwitzer SV"]
[PlyCount "120"]
[WhiteFideId "24660850"]
[BlackFideId "24690015"]
[EventCountry "GER"]
[EventRounds "7"]
[EventType "team-swiss"]
[EventDate "2014.12.26"]

1. e4 c5 2. Nc3 Nc6 3. f4 g6 4. Nf3 Bg7 5. Bc4 d6 6. O-O e6 7. d3 Nge7 8. Qe1
a6 9. f5 b5 10. Bb3 b4 11. Ne2 exf5 12. Nf4 O-O 13. Qg3 Bb7 14. Nh5 Nd4 15.
Nxd4 Bxd4+ 16. Kh1 Be5 17. Bf4 Bxf4 18. Rxf4 Kh8 19. Nf6 Ng8 20. Nd5 fxe4 21.
dxe4 Rc8 22. Bc4 Ne7 23. Nf6 Ng8 24. Raf1 Nxf6 25. Rxf6 Bxe4 26. Rxf7 Rxf7 27.
Rxf7 Rc7 28. Qf4 Rxf7 29. Qxf7 d5 30. Bd3 c4 31. Bxe4 dxe4 32. h3 Qd1+ 33. Kh2
Qd6+ 34. Kh1 Qd1+ 35. Kh2 Qd8 36. Qxc4 Qe7 37. Qe2 e3 38. g3 Kg7 39. b3 a5 40.
Kg1 Qe5 41. Kg2 Qe4+ 42. Kg1 h5 43. h4 Kh6 44. Kh2 Qe6 45. Kg2 Qd5+ 46. Kg1 Qe4
47. Kh2 Kg7 48. Kg1 Kf6 49. Qa6+ Kf5 50. Qc8+ Qe6 51. Qf8+ Kg4 52. Kh2 Qf5 53.
Qe8 Qf2+ 54. Kh1 Qe1+ 55. Kg2 Qxg3+ 56. Kh1 Qxh4+ 57. Kg1 Qf2+ 58. Kh1 g5 59.
Qe6+ Kh4 60. Qe4+ Kh3 0-1

[Event "DVM U20 2014"]
[Site "Naumburg (Saale) GER"]
[Date "2014.12.28"]
[Round "4"]
[White "Naundorf, Johannes"]
[Black "Lü, Youheng"]
[Result "1/2-1/2"]
[Termination "normal"]
[Board "7.2"]
[WhiteElo "1802"]
[BlackElo "1628"]
[WhiteTeam "Meuselwitzer SV"]
[BlackTeam "SVG Saarbrücken"]
[PlyCount "112"]
[WhiteFideId "12950009"]
[BlackFideId "16200403"]
[EventCountry "GER"]
[EventRounds "7"]
[EventType "team-swiss"]
[EventDate "2014.12.26"]

1. d4 Nf6 2. Bg5 Ne4 3. Bf4 c5 4. f3 Nd6 5. Bxd6 exd6 6. d5 g6 7. c3 Bg7 8. e4
O-O 9. Bd3 b6 10. Qc2 Ba6 11. c4 Qh4+ 12. g3 Qh6 13. Nc3 Bb7 14. Rb1 Na6 15. a3
Rae8 16. Kf2 Nc7 17. Kg2 b5 18. cxb5 f5 19. exf5 Nxd5 20. Bc4 Rxf5 21. Nge2 Qe3
22. Nf4 Bxc3 23. Qxc3 Qxc3 24. bxc3 Kg7 25. Nxd5 Bxd5 26. Bxd5 Rxd5 27. Rb2 Rd3
28. Ra1 Rxc3 29. a4 c4 30. a5 Rb8 31. Rd1 Rb3 32. Rc2 c3 33. Kh3 R8xb5 34. Rxd6
Rxa5 35. Rxd7+ Kh6 36. g4 Ra1 37. f4 g5 38. fxg5+ Kxg5 39. Rc7 a5 40. R7xc3
Rxc3+ 41. Rxc3 a4 42. Rc4 a3 43. Ra4 a2 44. Kg2 Kf6 45. Kh3 Kg5 46. Ra5+ Kg6
47. Kh4 Kh6 48. Ra6+ Kg7 49. Kh5 h6 50. Ra7+ Kf6 51. Kxh6 Rg1 52. Rxa2 Rxg4 53.
Kh5 Rg8 54. Ra6+ Kf5 55. Ra5+ Kf4 56. Ra4+ Kf5 1/2-1/2

[Event "DVM U20 2014"]
[Site "Naumburg (Saale) GER"]
[Date "2014.12.28"]
[Round "4"]
[White "Mohit-Rodriguez, Dario"]
[Black "Blumenthal, Clemens"]
[Result "0-1"]
[Termination "normal"]
[Board "7.3"]
[WhiteElo "1414"]
[BlackElo "1573"]
[WhiteTeam "SVG Saarbrücken"]
[BlackTeam "Meuselwitzer SV"]
[PlyCount "74"]
[WhiteFideId "36016047"]
[BlackFideId "12938050"]
[EventCountry "GER"]
[EventRounds "7"]
[EventType "team-swiss"]
[EventDate "2014.12.26"]

1. e4 c5 2. Nf3 d6 3. d4 cxd4 4. Nxd4 Nf6 5. Nc3 a6 6. Bg5 e5 7. Nf3 Be7 8. Bc4
Qc7 9. Bb3 Nbd7 10. Nd5 Nxd5 11. Qxd5 Rf8 12. Bxe7 Kxe7 13. Qd3 Nc5 14. Qe3 h6
15. O-O Nxb3 16. cxb3 Be6 17. Rfd1 Rfd8 18. Rac1 Qa5 19. a3 Rac8 20. h3 Qb5 21.
b4 Qa4 22. Qb6 Qb5 23. Qxb5 axb5 24. Rc3 Rxc3 25. bxc3 Ra8 26. Ra1 f6 27. Kf1
d5 28. exd5 Bxd5 29. Ke2 Ke6 30. Ne1 f5 31. f3 Bc4+ 32. Ke3 g5 33. Nd3 f4+ 34.
Ke2 Rd8 35. Rd1 b6 36. Rd2 Kf5 37. Rd1 e4 0-1

[Event "DVM U20 2014"]
[Site "Naumburg (Saale) GER"]
[Date "2014.12.28"]
[Round "4"]
[White "Großmann, Dominic"]
[Black "Chabakji, Hussein"]
[Result "0-1"]
[Termination "normal"]
[Board "7.4"]
[WhiteElo "1904"]
[BlackElo "1602"]
[WhiteTeam "Meuselwitzer SV"]
[BlackTeam "SVG Saarbrücken"]
[PlyCount "194"]
[WhiteFideId "12950017"]
[BlackFideId "16200411"]
[EventCountry "GER"]
[EventRounds "7"]
[EventType "team-swiss"]
[EventDate "2014.12.26"]

1. d4 Nf6 2. Nf3 d6 3. e3 g6 4. c4 Bg7 5. Nc3 O-O 6. Be2 Nbd7 7. O-O e5 8. h3
e4 9. Nd2 Qe7 10. f3 exf3 11. Nxf3 Bh6 12. Qd3 Re8 13. Nd1 Ne4 14. Nd2 Ndf6 15.
Nxe4 Nxe4 16. b4 Bf5 17. g4 Bd7 18. Bf3 Ng5 19. Bg2 f5 20. Nc3 c6 21. gxf5 Bxf5
22. e4 Bd7 23. d5 Bg7 24. Bb2 Bxc3 25. Qxc3 Qe5 26. Qxe5 dxe5 27. Kh2 a5 28. a3
Nf7 29. c5 axb4 30. axb4 Rxa1 31. Rxa1 cxd5 32. exd5 e4 33. Re1 Bf5 34. d6 Nd8
35. Bc3 Kf7 36. b5 g5 37. Ba5 Kf6 38. Rf1 Ke5 39. Bb6 h6 40. Bc7 Ke6 41. Rc1
Kd7 42. Re1 Re5 43. Rc1 h5 44. Re1 Ne6 45. Bb6 Nxc5 46. Bxc5 Rxc5 47. Bxe4 Bxe4
48. Rxe4 Rxb5 49. Rd4 Rf5 50. Kg3 b5 51. h4 g4 52. Kg2 b4 53. Rxb4 Kxd6 54.
Rb6+ Ke5 55. Rg6 Kf4 56. Rg7 Rc5 57. Rf7+ Ke4 58. Rg7 Rc2+ 59. Kg3 Rc3+ 60. Kg2
Rh3 61. Re7+ Kf5 62. Rf7+ Kg6 63. Rf1 Rxh4 64. Kg3 Rh3+ 65. Kg2 Kg5 66. Rf8 Rd3
67. Rf2 h4 68. Rf8 Rd2+ 69. Kg1 h3 70. Rf1 Kh4 71. Re1 h2+ 72. Kh1 Kh3 73. Re3+
Kh4 74. Rh3+ Kg5 75. Rh5+ Kf4 76. Rf5+ Ke3 77. Re5+ Kf2 78. Rf5+ Ke1 79. Re5+
Re2 80. Rxe2+ Kxe2 81. Kxh2 Kf3 82. Kg1 Kg3 83. Kf1 Kh2 84. Kf2 g3+ 85. Kf1 g2+
86. Ke2 g1=Q 87. Kd3 Qe1 88. Kd4 Qe6 89. Kd3 Qe5 90. Kd2 Qe4 91. Kc3 Kg2 92.
Kb2 Qc4 93. Ka1 Qb4 94. Ka2 Kf2 95. Ka1 Ke2 96. Ka2 Kd2 97. Ka1 Kc2 0-1

[Event "DVM U20 2014"]
[Site "Naumburg (Saale) GER"]
[Date "2014.12.28"]
[Round "4"]
[White "Schäfer, Nicolas"]
[Black "Uhlig, Jessica"]
[Result "1-0"]
[Termination "normal"]
[Board "7.5"]
[WhiteElo "1497"]
[BlackElo "1276"]
[WhiteTeam "SVG Saarbrücken"]
[BlackTeam "Meuselwitzer SV"]
[PlyCount "57"]
[WhiteFideId "12988901"]
[BlackFideId "16200446"]
[EventCountry "GER"]
[EventRounds "7"]
[EventType "team-swiss"]
[EventDate "2014.12.26"]

1. Nf3 e6 2. d4 d5 3. c4 Nc6 4. Nc3 Nf6 5. Bg5 h6 6. Bh4 Bd6 7. e3 b6 8. Bd3
Bb7 9. O-O Qd7 10. a3 dxc4 11. Bxc4 O-O-O 12. e4 Be7 13. d5 exd5 14. exd5 Nb8
15. Ne5 Qe8 16. Bxf6 Bxf6 17. Qg4+ Nd7 18. Nc6 Bxc6 19. dxc6 Kb8 20. cxd7 Qxd7
21. Qf3 c6 22. a4 Rhe8 23. Rfd1 Qc7 24. g3 Kb7 25. a5 Kb8 26. axb6 Qxb6 27. Na4
Qc7 28. Nc5 Qc8 29. Qb3+ 1-0